[Event "FRA-chT3 Gr8 0102"]
[Site "France"]
[Date "2001.12.09"]
[Round "4"]
[White "Capart, Anne"]
[Black "Benard, Anne Marie"]
[Result "1/2-1/2"]
[WhiteElo "1499"]
[BlackElo "1250"]
[PlyCount "143"]
[EventDate "2001.10.??"]
[EventType "team"]
[EventRounds "9"]
[EventCountry "FRA"]
[SourceTitle "EXT 2005"]
[Source "ChessBase"]
[SourceDate "2004.11.15"]
[SourceVersion "1"]
[SourceVersionDate "2004.11.15"]
[SourceQuality "1"]

1. d4 d6 2. Nf3 e6 3. g3 g6 4. Bg2 d5 5. 0-0 Bg7 6. c4 Ne7 7. Nc3 c6 8. cxd5 exd5 9. Bg5 f6 10. Bf4 Nd7 11. Qc2 0-0 12. Rfe1 g5 13. Bd2 Rf7 14. e4 Nf8 15. e5 Bf5 16. Qb3 Qc8 17. exf6 Bxf6 18. Bxg5 Bh3 19. Bxf6 Rxf6 20. Rxe7 Bxg2 21. Kxg2 Rb8 22. Qc2 Qg4 23. Qd3 Ng6 24. Ne5 Nf4+ 25. Kf1 Qh3+ 26. Ke1 Nxd3+ 27. Nxd3 Rbf8 28. Nf4 Rxf4 29. gxf4 Qxh2 30. Nd1 Qxf4 31. a4 Qf6 32. Re5 Kh8 33. Ra3 Rg8 34. Rae3 Qd8 35. Ke2 b6 36. Nc3 Qh4 37. Re8 Qg4+ 38. f3 Qg6 39. R8e7 Qg2+ 40. Kd3 Qf1+ 41. Ne2 c5 42. Re8 Qb1+ 43. Kc3 Qg6 44. R8e6 cxd4+ 45. Kxd4 Qg7+ 46. Kxd5 Rd8+ 47. Rd6 Rxd6+ 48. Kxd6 Qf7 49. Re7 Qg6+ 50. Re6 Qd3+ 51. Ke7 Qxf3 52. Nd4 Qf4 53. Rd6 Kg8 54. Rd8+ Kg7 55. Ne6+ Kg6 56. Nxf4+ Kg5 57. Ne6+ Kg4 58. Nf8 Kf5 59. Nxh7 Ke5 60. Rd6 Ke4 61. Rf6 Kd5 62. Rd6+ Kc4 63. Nf6 Kb3 64. Rd4 Kxb2 65. Nd5 Kc2 66. Ke6 Kb3 67. Rb4+ Ka3 68. Ke5 a5 69. Rxb6 Kxa4 70. Nc3+ Ka3 71. Kd4 a4 72. Kc4 1/2-1/2